[Event "Wuerttemberg-ch U16/18 Girls"]
[Site "Friedrichshafen"]
[Date "2005.03.30"]
[Round "4"]
[White "Hense, Marie"]
[Black "Langer, Antje"]
[Result "1-0"]
[WhiteElo "1004"]
[BlackElo "910"]
[PlyCount "79"]
[EventDate "2005.03.29"]
[EventType "swiss"]
[EventRounds "7"]
[EventCountry "GER"]
[SourceTitle "EXT 2007"]
[Source "ChessBase"]
[SourceDate "2006.11.23"]
[SourceVersion "1"]
[SourceVersionDate "2006.11.23"]
[SourceQuality "1"]

1. e4 e5 2. Nf3 Nc6 3. Bb5 Nf6 4. Bxc6 dxc6 5. d3 Bg4 6. h3 Bxf3 7. Qxf3 Bc5 8. Qg3 Qd6 9. Qxg7 Rg8 10. Qh6 Rxg2 11. Bg5 Rxf2 12. Nd2 0-0-0 13. Nc4 Qe6 14. 0-0-0 Rg8 15. Be3 Bxe3+ 16. Qxe3 Rgg2 17. Rd2 Rxd2 18. Nxd2 Qxa2 19. Qh6 Nd7 20. Qxh7 b6 21. Qf5 Kd8 22. h4 f6 23. h5 Qg8 24. Nf3 Qa2 25. Nd2 Qa1+ 26. Nb1 Qa2 27. Qh7 Nf8 28. Qh8 Qg8 29. Qxf6+ Kc8 30. b3 Nd7 31. Qxc6 Qg5+ 32. Kb2 Nf6 33. h6 Qg8 34. Qxf6 Rg7 35. hxg7 Qxg7 36. Qxg7 Kb7 37. Qxe5 Ka6 38. Qxc7 Ka5 39. Rh5+ Ka6 40. Qc8# 1-0

[Event "Wuerttemberg-ch U16/18 Girls"]
[Site "Friedrichshafen"]
[Date "2005.03.29"]
[Round "1"]
[White "Hense, Marie"]
[Black "Bonfert, Nadine"]
[Result "0-1"]
[WhiteElo "1004"]
[BlackElo "1464"]
[PlyCount "54"]
[EventDate "2005.03.29"]
[EventType "swiss"]
[EventRounds "7"]
[EventCountry "GER"]
[SourceTitle "EXT 2007"]
[Source "ChessBase"]
[SourceDate "2006.11.23"]
[SourceVersion "1"]
[SourceVersionDate "2006.11.23"]
[SourceQuality "1"]

1. e4 e5 2. Nf3 Nc6 3. Bb5 d6 4. Bxc6+ bxc6 5. d3 Nf6 6. Bg5 Be7 7. 0-0 0-0 8. Nc3 Be6 9. h3 h6 10. Be3 Nh7 11. d4 exd4 12. Nxd4 c5 13. Nc6 Qd7 14. Nxe7+ Qxe7 15. Nd5 Bxd5 16. exd5 Rab8 17. b3 Nf6 18. Qf3 Qe5 19. c4 Rfe8 20. Qf4 Qe7 21. Rfe1 Qd7 22. Qg3 Kh8 23. Qh4 Re4 24. Qg3 Rbe8 25. Bd2 Qf5 26. f3 R4e7 27. Kf1 Qd3+ 0-1

[Event "Wuerttemberg-ch U16/18 Girls"]
[Site "Friedrichshafen"]
[Date "2005.03.29"]
[Round "2"]
[White "Rapp, Franziska"]
[Black "Hense, Marie"]
[Result "1-0"]
[WhiteElo "1191"]
[BlackElo "1004"]
[PlyCount "53"]
[EventDate "2005.03.29"]
[EventType "swiss"]
[EventRounds "7"]
[EventCountry "GER"]
[SourceTitle "EXT 2007"]
[Source "ChessBase"]
[SourceDate "2006.11.23"]
[SourceVersion "1"]
[SourceVersionDate "2006.11.23"]
[SourceQuality "1"]

1. d4 d5 2. e3 e6 3. Bd3 Nf6 4. f4 Nc6 5. Nf3 Be7 6. 0-0 0-0 7. c4 b6 8. cxd5 exd5 9. Bd2 Bg4 10. Qc2 Nb4 11. Bxb4 Bxb4 12. a3 Bd6 13. Ne5 Bd7 14. Nxd7 Qxd7 15. Rf3 Rfe8 16. Rh3 g6 17. Qf2 Ne4 18. Qh4 h5 19. Bxe4 dxe4 20. Nc3 Be7 21. Qf2 f5 22. Rc1 Rac8 23. Qg3 Kg7 24. Rxh5 Kf7 25. Rh7+ Kf6 26. Qg5+ Ke6 27. Qxg6+ 1-0

[Event "Wuertemberg-ch U16/18 Girls"]
[Site "Germany"]
[Date "2004.04.14"]
[Round "3"]
[White "Kern, Michaela"]
[Black "Hense, Marie"]
[Result "1-0"]
[WhiteElo "1041"]
[BlackElo "904"]
[PlyCount "51"]
[EventDate "2004.04.??"]
[EventType "swiss"]
[EventRounds "7"]
[EventCountry "GER"]
[SourceTitle "EXT 2005"]
[Source "ChessBase"]
[SourceDate "2004.11.15"]
[SourceVersion "1"]
[SourceVersionDate "2004.11.15"]
[SourceQuality "1"]

1. d4 d5 2. Nc3 e6 3. Nf3 Nc6 4. a3 Nf6 5. Bf4 Be7 6. e3 0-0 7. Bd3 Re8 8. 0-0 Bd6 9. Ne5 Bd7 10. Nxc6 Bxc6 11. Bxd6 Qxd6 12. Nb5 Bxb5 13. Bxb5 c6 14. Bd3 e5 15. Re1 e4 16. Be2 Re6 17. Bg4 Nxg4 18. Qxg4 Rg6 19. Qf4 Qe6 20. Qe5 Qxe5 21. dxe5 Re8 22. b3 Rxe5 23. c4 Reg5 24. g3 c5 25. Red1 dxc4 26. Rd8# 1-0